000 00712nam a22001937a 4500
005 20150529020002.0
008 100505s2011 ck ao grb 000 0 spa d
020 _a978958573580
041 _aspa
044 _ack
082 0 4 _a918.6151
_bI255a
245 0 3 _aAportes al conocimiento de los ecosistemas estratégicos y las especies de interés especial del Chocó biogeográfico
_bParte I
260 _aCali
_bIIAP
_c2011
300 _a158 p.
_bil., mapas
_c28 cm.
650 1 7 _aDiversidad biológica
_zChocó (Colombia)
_vFotografías
_91564
650 1 7 _aConservación de los recursos naturales
_zChocó (Colombia)
_91565
650 1 7 _aEcosistemas
_zChocó (Colombia)
_vFotografías
_91566
942 _2ddc
_cImpreso
_01
999 _c7565
_d7565